[Event "Challenge"]
[Site "http://www.queenalice.com/game.php?id=63332"]
[Date "2006.4.15"]
[Round "-"]
[White "Nietta"]
[Black "alex18"]
[Result "1-0"]
[WhiteElo "1244"]
[BlackElo "1293"]

1. e4 e5 2. Nf3 d5 3. exd5 Qxd5 4. Nc3 Qe6 5. Be2 f5 6. O-O c5 7. d3 Nf6 8. Bg5
Nbd7 9. a3 a5 10. Nb5 Nd5 11. c4 Qb6 12. Qb3 h6 13. Bh4 g5 14. cxd5 gxh4 15.
Nxh4 a4 16. Qc4 Ra5 17. Bh5+ Kd8 18. Nc3 Qxb2 19. Nxf5 Nf6 20. Bf7 Bxf5 21. Rab1
Qd2 22. Rfd1 Qg5 23. Be6 Bxe6 24. dxe6 Be7 25. Ne4 Qg4 26. f3 Qg6 27. Rxb7 Rg8
28. g3 Kc8 29. Rdb1 Nxe4 30. dxe4 Ra8 31. Qd5 Rd8 32. Qc6# 1-0

[Event "Challenge"]
[Site "http://www.queenalice.com/game.php?id=64141"]
[Date "2006.4.18"]
[Round "-"]
[White "Mago"]
[Black "Nietta"]
[Result "1-0"]
[WhiteElo "1246"]
[BlackElo "1384"]

1. Nc3 e5 2. Nf3 d6 3. h3 Nf6 4. g4 Be7 5. e3 O-O 6. Nh2 b6 7. Bg2 c6 8. Qe2 Ba6
9. d3 d5 10. f3 Bb4 11. a3 Bd6 12. b4 e4 13. fxe4 Bxh2 14. Rxh2 d4 15. exd4 Qxd4
16. Kd2 Nbd7 17. Qe3 Qe5 18. Rh1 Rfe8 19. Bf3 c5 20. Bb2 Qc7 21. g5 cxb4 22.
axb4 Bb7 23. gxf6 Nxf6 24. Nb5 Qd7 25. Bxf6 gxf6 26. Qh6 Kh8 27. Rhg1 Rg8 28.
Qxf6+ 1-0

[Event "Challenge"]
[Site "http://www.queenalice.com/game.php?id=68013"]
[Date "2006.5.9"]
[Round "-"]
[White "mtfuji"]
[Black "Nietta"]
[Result "0-1"]
[WhiteElo "1193"]
[BlackElo "1355"]

1. e4 e5 2. Nf3 d6 3. Nc3 Nf6 4. d4 exd4 5. Nxd4 Be7 6. Bd3 O-O 7. h3 a6 8. Qf3
c5 9. Nde2 Nc6 10. Qg3 Ne5 11. f3 Nh5 12. Qf2 Bh4 13. g3 Nxd3+ 14. cxd3 Be7 15.
h4 Be6 0-1

[Event "Challenge"]
[Site "http://www.queenalice.com/game.php?id=70406"]
[Date "2006.5.21"]
[Round "-"]
[White "alfreale"]
[Black "Nietta"]
[Result "0-1"]
[WhiteElo "1705"]
[BlackElo "1466"]

1. e4 e5 2. Nf3 d6 3. Bc4 Be7 4. Nc3 Be6 5. Bxe6 fxe6 6. d3 Nf6 7. Be3 O-O 8.
Qd2 c6 9. O-O-O d5 10. exd5 exd5 11. d4 e4 12. Ne5 Nbd7 13. Bf4 Ng4 14. h3 Ngf6
15. g4 Kh8 16. Rdg1 c5 17. h4 Ng8 18. h5 Nxe5 19. Bxe5 Bg5 0-1

[Event "Challenge"]
[Site "http://www.queenalice.com/game.php?id=75331"]
[Date "2006.6.9"]
[Round "-"]
[White "Croftsy"]
[Black "Nietta"]
[Result "0-1"]
[WhiteElo "1486"]
[BlackElo "1400"]

1. e4 e5 2. d4 exd4 3. Qxd4 Nc6 4. Qd1 d6 5. Bd3 Nf6 6. Be3 d5 7. Nc3 Bb4 8. a3
Bxc3+ 9. bxc3 O-O 10. Qf3 Ne5 11. Qf4 dxe4 12. Bxe4 Ng6 13. Bxg6 fxg6 14. Nf3
Ng4 15. Qc4+ Kh8 16. h3 Nxe3 17. fxe3 Bf5 18. e4 Re8 19. O-O Rxe4 20. Qf7 Be6
21. Ng5 Qxg5 22. Qxc7 Bxh3 23. Qh2 Bxg2 24. Qxg2 Rg4 25. Rf2 Rxg2+ 26. Rxg2 Qc5+
27. Rf2 Qxc3 28. Ra2 h6 29. Rf4 Qg3+ 0-1

[Event "Challenge"]
[Site "http://www.queenalice.com/game.php?id=76254"]
[Date "2006.6.13"]
[Round "-"]
[White "Nietta"]
[Black "Nottolo"]
[Result "1-0"]
[WhiteElo "1425"]
[BlackElo "1367"]

1. e4 e5 2. d4 Bd6 3. d5 Nf6 4. Nc3 O-O 5. Bd3 c6 6. Nf3 Ng4 7. O-O Qf6 8. h3
Nh6 9. Bg5 Qg6 10. Qd2 b5 11. Nh4 Qh5 12. Be2 Qxg5 13. Qxg5 f6 14. Qd2 g5 15.
Nf5 Nf7 16. dxc6 Bc5 17. Nd5 Nxc6 18. Nxf6+ Kh8 19. Bh5 Nfd8 20. Nxd7 Ne6 21.
Nxc5 Nxc5 22. Qd5 Nxe4 23. Qxc6 Bxf5 24. g4 Rac8 25. Qxb5 Nf6 26. Qxe5 Bxc2 27.
Qxg5 Bd3 28. Rfe1 Nd7 29. Re7 Rg8 30. Qh6 Rcd8 31. Rc1 Ne5 32. Qf6+ Rg7 33.
Qxg7# 1-0

[Event "Let's Play Chess!"]
[Site "http://www.queenalice.com/game.php?id=78575"]
[Date "2006.6.20"]
[Round "-"]
[White "Nietta"]
[Black "Electric_Lettuce"]
[Result "1-0"]
[WhiteElo "1369"]
[BlackElo "1532"]

1. e4 e5 2. d4 exd4 3. Qxd4 Nc6 4. Qe3 Nf6 5. Bd3 Bb4+ 6. c3 Ba5 7. b4 Bb6 8.
Qg3 Qe7 9. Nd2 d5 10. Qf4 d4 11. c4 Be6 12. a3 Nxe4 13. Bxe4 O-O-O 14. Bd3 Bxc4+
15. Be4 d3 16. Ngf3 h6 17. O-O Bd4 18. Nxd4 Nxd4 19. Bf3 Rhe8 20. Nxc4 Qe1 21.
Be3 Qc3 22. Rfc1 Ne2+ 23. Bxe2 Qxa1 24. Nb6+ axb6 25. Qxc7# 1-0

[Event "Let's Play Chess!"]
[Site "http://www.queenalice.com/game.php?id=78576"]
[Date "2006.6.20"]
[Round "-"]
[White "Nietta"]
[Black "chemy204"]
[Result "0-1"]
[WhiteElo "1493"]
[BlackElo "1418"]

1. e4 e5 2. d4 Bb4+ 3. c3 Bd6 4. d5 Bc5 5. b4 Bd6 6. Nf3 h6 7. Bc4 Nf6 8. Nbd2
a5 9. b5 b6 10. a4 Bc5 11. O-O Bd6 12. Ba3 Qe7 13. Qc1 Bc5 14. Bxc5 bxc5 15. Re1
d6 16. Rb1 Nbd7 17. Nh4 g6 18. h3 Nb6 19. Ba2 Nxa4 20. Nc4 Nb6 21. Qa3 Nfd7 22.
Ra1 Qxh4 23. Bb3 Nxc4 24. Bxc4 Nb6 25. Be2 Qxe4 26. Bg4 Qf4 27. g3 Qf6 28. Bxc8
Nxc8 29. Qa4 O-O 30. Rab1 Nb6 31. Qa1 Nxd5 32. c4 Nb6 33. Rbd1 Nxc4 34. Qc1 Nb6
35. Qxh6 Qh8 36. Qe3 Qxh3 37. Qd3 f5 38. Qb3+ c4 39. Qc3 Rfe8 40. Re3 f4 41.
gxf4 Qg4+ 42. Rg3 Qxd1+ 43. Kg2 Qd5+ 44. Kh3 Qe6+ 45. Rg4 exf4 46. f3 g5 47. Qd4
Qh6+ 48. Kg2 Re2+ 49. Kf1 Rae8 50. Qxf4 Re1+ 51. Kf2 R8e2+ 0-1

[Event "Let's Play Chess!"]
[Site "http://www.queenalice.com/game.php?id=78577"]
[Date "2006.6.20"]
[Round "-"]
[White "chemy204"]
[Black "Nietta"]
[Result "0-1"]
[WhiteElo "1299"]
[BlackElo "1443"]

1. e4 c6 2. e5 d5 3. d4 Bf5 4. Nc3 e6 5. Nf3 Be7 6. Bg5 Bxg5 7. Nxg5 Qxg5 8. h4
Qf4 9. Ne2 Qh6 10. Ng3 g5 11. Nxf5 Qf8 12. Nd6+ Kd7 13. Nxb7 Qb4+ 14. c3 Qxb7
15. b3 Qb6 16. b4 f6 17. hxg5 fxg5 18. Qh5 h6 19. Qf7+ Ne7 20. a3 Na6 21. Bd3
Raf8 22. Qg7 Qd8 23. Bxa6 Qe8 24. Rxh6 Rhg8 25. Qh7 Rf7 26. Qd3 Qf8 27. f3 g4
28. fxg4 Rxg4 29. O-O-O Rxg2 30. Rhh1 Rff2 31. Rdf1 Qf4+ 32. Kb1 Rb2+ 33. Ka1
Ra2+ 34. Kb1 Rgb2# 0-1

[Event "finale"]
[Site "http://www.queenalice.com/game.php?id=83663"]
[Date "2006.7.7"]
[Round "-"]
[White "Nietta"]
[Black "Vini"]
[Result "0-1"]
[WhiteElo "1488"]
[BlackElo "1778"]

1. e4 e6 2. Nf3 d5 3. exd5 exd5 4. d4 Nf6 5. Bb5+ Bd7 6. Bxd7+ Nbxd7 7. O-O Be7
8. Nc3 O-O 9. Re1 Bb4 10. Bd2 Re8 11. Ne5 Nxe5 12. dxe5 Bxc3 13. Bxc3 Ne4 14.
Bd4 c5 15. Be3 Rxe5 16. f4 Re6 17. Qf3 b6 18. Qh3 Qd6 19. b4 cxb4 20. Red1 Nf6
21. Bd4 Qxf4 22. Rab1 Rae8 23. Bxf6 Qxf6 24. Rf1 Qc3 25. Qh5 Qd4+ 26. Kh1 Rg6
27. Rbd1 Qe4 28. Rg1 Re5 29. Qh3 h6 30. Qc8+ Kh7 31. Qf8 Reg5 32. Rde1 Rxg2 0-1

[Event "Challenge"]
[Site "http://www.queenalice.com/game.php?id=84701"]
[Date "2006.7.11"]
[Round "-"]
[White "Nunes"]
[Black "Nietta"]
[Result "1-0"]
[WhiteElo "1532"]
[BlackElo "1474"]

1. d4 d5 2. Bf4 Nf6 3. e3 e6 4. Nf3 Bd6 5. Ne5 O-O 6. Nc3 Nbd7 7. Nxd7 Qxd7 8.
Bxd6 Qxd6 9. Bd3 Qb4 10. Qc1 Ne4 11. Bxe4 dxe4 12. O-O b6 13. a3 Qd6 14. Qd2 Bb7
15. Rad1 Rad8 16. Nb5 Qe7 17. Qc3 a6 18. Qxc7 Rd7 19. Qxb6 axb5 20. Qxb5 Ra8 21.
Qb3 Rad8 22. c4 Ba6 23. Rfe1 Rb7 24. Qc2 Qf6 25. Qxe4 Bxc4 26. Qxb7 Bd5 27. Qb4
Qg5 28. g3 Qg4 29. Qa5 Rf8 30. Qc3 Qf3 31. e4 Bxe4 32. Qxf3 Bxf3 33. Rd3 Bd5 34.
Rc3 Rb8 35. Rec1 Rf8 36. Rc8 g6 37. Rxf8+ Kxf8 38. b4 Ke8 39. a4 Kd7 40. a5 Bc6
41. f4 Kc7 42. b5 1-0

[Event "Challenge"]
[Site "http://www.queenalice.com/game.php?id=87754"]
[Date "2006.7.20"]
[Round "-"]
[White "claudiocaire"]
[Black "Nietta"]
[Result "0-1"]
[WhiteElo "1445"]
[BlackElo "1474"]

1. e4 e5 2. Qf3 Nf6 3. Bc4 Bc5 4. g4 d5 5. exd5 Bxg4 6. Qb3 b6 7. c3 O-O 8. Qc2
e4 9. Be2 Qxd5 10. c4 Qf5 11. f3 Bxg1 12. fxg4 Nxg4 13. h3 Qf2+ 14. Kd1 Qg2 15.
Bxg4 Qxh1 16. Qd3 exd3 17. Nc3 Bd4# 0-1

[Event "AUTO-INT-132"]
[Site "http://www.queenalice.com/game.php?id=93929"]
[Date "2006.8.8"]
[Round "1"]
[White "MAGALINGsaROMANSAngChicks"]
[Black "Nietta"]
[Result "0-1"]
[WhiteElo "1695"]
[BlackElo "1484"]

1. e4 e5 2. Nf3 d6 3. Bc4 Be7 4. c3 Nf6 5. d3 O-O 6. O-O a6 7. a4 Nc6 8. Re1 d5
9. exd5 Nxd5 10. b4 Be6 11. Nxe5 Nxe5 12. Rxe5 Bf6 13. Re1 Nxc3 14. Nxc3 Bxc3
15. Be3 Bxe1 16. Qxe1 Qf6 17. Rb1 Bxc4 18. dxc4 Rae8 19. Qc1 Re6 20. c5 Qh4 21.
Bf4 Rf6 22. Qe3 Qg4 23. Bxc7 Re6 24. Qg3 Qe4 25. h3 Qxb1+ 0-1

[Event "AUTO-INT-132"]
[Site "http://www.queenalice.com/game.php?id=93930"]
[Date "2006.8.8"]
[Round "1"]
[White "Nietta"]
[Black "MAGALINGsaROMANSAngChicks"]
[Result "0-1"]
[WhiteElo "1483"]
[BlackElo "1710"]

1. e4 e5 2. d4 exd4 3. Qxd4 Nc6 4. Qe3 d6 5. Bb5 Bd7 6. Nf3 Nf6 7. O-O Be7 8. a4
O-O 9. b3 a6 10. Bd3 Ng4 11. Qe2 Bf6 12. c3 Re8 13. h3 Nge5 14. Nxe5 Bxe5 15.
Qe3 Qf6 16. Bc4 Qg6 17. Qg5 Qf6 18. f4 Bxc3 19. Qxf6 Bxf6 20. Ra2 Rxe4 21. Nd2
Bd4+ 22. Kh2 Re7 23. Nf3 Rae8 24. Bb2 Bxb2 25. Rxb2 h6 26. Nh4 Re3 27. f5 Na5
28. Bd5 Bc6 29. Bf3 Rxb3 30. Ra2 Bxf3 31. Nxf3 c6 32. Nd4 Rc3 33. f6 g6 34. Rf4
Rc4 35. Rd2 Rxa4 36. Rh4 Nb3 37. Rb2 Rxd4 38. Rxd4 Nxd4 39. Rxb7 d5 40. Ra7 Re6
41. Rxa6 Rxf6 42. Ra4 c5 43. Ra5 Rc6 44. Kg1 f5 45. Kf1 Kf7 46. Kf2 Ke6 47. Ke3
g5 48. g3 Ke5 49. Ra1 Nc2+ 0-1

[Event "AUTO-INT-132"]
[Site "http://www.queenalice.com/game.php?id=93945"]
[Date "2006.8.8"]
[Round "1"]
[White "Nietta"]
[Black "gon666"]
[Result "0-1"]
[WhiteElo "1476"]
[BlackElo "1631"]

1. e4 e5 2. d4 Qh4 3. Qd3 Nc6 4. Ne2 Nf6 5. Nbc3 Bb4 6. Bd2 Bxc3 7. Bxc3 Nxe4 8.
g3 Nxg3 9. Nxg3 exd4 10. Bd2 O-O 11. O-O-O d6 12. Be1 Be6 13. Kb1 Nb4 14. Bxb4
c5 15. Bd2 Rfe8 16. Bg2 Rab8 17. Nf5 Qxf2 18. Be4 d5 19. Rhf1 dxe4 20. Qxe4 Qxf1
21. Rxf1 Bxa2+ 22. Kxa2 Rxe4 23. Nd6 Re7 24. Bf4 Rd8 25. Bg3 f6 26. Rf5 b6 27.
Nb5 Kf7 28. Bc7 Ra8 29. Kb3 Kg6 30. Rd5 a6 31. Bxb6 axb5 32. Bxc5 Re2 33. Bxd4
Rxh2 34. Rxb5 Rd8 35. Bc3 h5 36. Ba5 Rc8 37. c4 Rg2 38. c5 h4 39. Ka3 h3 40. Rb4
Rxc5 41. Bb6 Rc3+ 42. b3 h2 43. Rh4 Rc1 44. b4 h1=Q 45. Rxh1 Rxh1 46. Bc5 f5 47.
Ka4 f4 48. Ka5 f3 49. b5 f2 50. Bxf2 Rxf2 51. b6 Kf6 52. Ka6 g5 53. b7 Rh8 54.
Ka7 g4 0-1

[Event "AUTO-INT-132"]
[Site "http://www.queenalice.com/game.php?id=93946"]
[Date "2006.8.8"]
[Round "1"]
[White "gon666"]
[Black "Nietta"]
[Result "1-0"]
[WhiteElo "1631"]
[BlackElo "1476"]

1. g3 e5 2. e4 Nf6 3. Bg2 Bc5 4. h3 O-O 5. d3 Nc6 6. b3 d5 7. exd5 Nxd5 8. Bb2
Bd4 9. c3 Bb6 10. Nf3 Nf6 11. O-O Be6 12. Ba3 Re8 13. c4 Qd7 14. Bb2 Bxh3 15.
Re1 Bxg2 16. Kxg2 Bd4 17. Nc3 Qg4 18. Qd2 h6 19. Nb5 Qd7 20. Nfxd4 Nxd4 21. Nxd4
exd4 22. f3 c5 23. b4 Re5 24. Rxe5 b6 25. bxc5 Qc6 26. Bxd4 h5 27. Re7 bxc5 28.
Bxf6 Qxf6 29. Rae1 Rf8 30. Rxa7 h4 31. Re4 hxg3 32. Kxg3 Qg6+ 33. Kf2 f5 34.
Ree7 Kh7 35. Qc3 Kh6 36. Rxg7 Qd6 37. Qd2+ f4 38. Rh7+ Kg6 39. Rag7+ Kf6 40.
Qc3+ Qe5 41. Qxe5+ Kxe5 42. Rc7 Kd4 43. Rhd7+ Kc3 44. Rxc5 Ra8 45. Kg2 Rxa2+ 46.
Kh3 Rf2 47. Kg4 Kb4 48. Rb5+ Kc3 49. c5 Kd2 50. c6 Ke3 51. c7 Rg2+ 52. Kf5 Kxf3
53. c8=Q Kf2 54. Rb2+ Kf3 55. Qc6+ 1-0

[Event "AUTO-INT-132"]
[Site "http://www.queenalice.com/game.php?id=93947"]
[Date "2006.8.8"]
[Round "1"]
[White "Nietta"]
[Black "vult0"]
[Result "0-1"]
[WhiteElo "1508"]
[BlackElo "1576"]

1. e4 e5 2. d4 exd4 3. Qxd4 Nc6 4. Qe3 Nf6 5. Bb5 Nb4 6. Qc3 Nxe4 7. Qc4 Nf6 8.
Nf3 c6 9. Ne5 Nfd5 10. Qe4 Be7 11. Bc4 O-O 12. O-O Re8 13. Na3 d6 14. Nf3 Bf6
15. Ne5 Bxe5 16. Qf3 Be6 17. c3 Na6 18. Bd3 Nc5 19. Bd2 Nxd3 20. Qxd3 Qh4 21. g3
Qh3 22. f4 Bf6 23. c4 Bf5 24. Qf3 Bg4 25. Qf2 Re2 26. cxd5 Rxf2 27. Rxf2 Bd4 28.
Rf1 Re8 29. Nc2 Bxf2+ 30. Rxf2 c5 31. Ne3 Bd7 32. Nc4 Qh6 33. f5 Qf6 34. g4 Qh4
35. Rg2 Re1+ 0-1

[Event "AUTO-INT-132"]
[Site "http://www.queenalice.com/game.php?id=93948"]
[Date "2006.8.8"]
[Round "1"]
[White "vult0"]
[Black "Nietta"]
[Result "1-0"]
[WhiteElo "1593"]
[BlackElo "1495"]

1. d4 d5 2. c4 c6 3. Nc3 Nf6 4. Bg5 Nbd7 5. e3 e6 6. Bd3 Bb4 7. Qc2 h6 8. Bf4
O-O 9. Nf3 Bxc3+ 10. Qxc3 Ne4 11. Qc2 Ndf6 12. Ne5 Qe7 13. a3 Nd7 14. O-O Ndf6
15. f3 Nd6 16. a4 Nf5 17. c5 Nh5 18. Qd2 Nxf4 19. exf4 Qf6 20. Qf2 g5 21. fxg5
hxg5 22. Bxf5 exf5 23. f4 g4 24. Qg3 Kg7 25. Kf2 Rh8 26. h3 Rh4 27. Rh1 Be6 28.
b4 b6 29. cxb6 axb6 30. Nxc6 Bd7 31. Ne5 Rah8 32. b5 R8h5 33. Rad1 Kh6 34. Nxd7
Qd6 35. Ne5 Kg7 36. Nxg4 fxg4 37. hxg4 Rh6 38. Rxh4 Rxh4 39. Qxh4 Qxf4+ 40. Ke2
Qe4+ 41. Kf1 f6 42. Kg1 Qc2 43. Rf1 Qg6 44. a5 bxa5 45. b6 Qf7 46. g5 f5 47.
Qh6+ Kg8 48. g6 Qf6 49. Qh7+ Kf8 50. g7+ Qxg7 51. Qxg7+ Kxg7 52. Rxf5 a4 53. b7
a3 54. b8=Q a2 55. Qf8+ Kg6 56. Qf6+ 1-0

[Event "lets play chess"]
[Site "http://www.queenalice.com/game.php?id=94771"]
[Date "2006.8.11"]
[Round "-"]
[White "Nietta"]
[Black "peao"]
[Result "0-1"]
[WhiteElo "1476"]
[BlackElo "1851"]

1. e4 e6 2. d4 d5 3. e5 c5 4. c3 Nc6 5. Nf3 Qb6 6. Be2 cxd4 7. cxd4 Bb4+ 8. Bd2
Nxd4 9. O-O Nxf3+ 10. Bxf3 Ne7 11. b3 Ng6 12. Bh5 Nxe5 13. Bxb4 Qxb4 14. a3 Qd6
15. Nd2 O-O 16. Nf3 Nxf3+ 17. Qxf3 Bd7 18. Rad1 Qxa3 19. Qc3 Bc6 20. Rd4 g6 21.
Rg4 Qe7 22. Rg3 Rac8 23. Qd4 a6 24. Bf3 e5 25. Qg4 f5 26. Qh3 f4 27. Rg4 Bd7 28.
Bxd5+ Kh8 29. Bf3 Bxg4 30. Bxg4 Rc2 31. Bc8 Rfxc8 32. g3 Qg5 33. f3 fxg3 34.
hxg3 Qe3+ 35. Kh1 Qxb3 36. Kg1 Qe3+ 37. Kh1 Rc1 38. Rxc1 Rxc1+ 0-1

[Event "Challenge"]
[Site "http://www.queenalice.com/game.php?id=111224"]
[Date "2006.9.29"]
[Round "-"]
[White "Nietta"]
[Black "valerie973"]
[Result "1-0"]
[WhiteElo "1460"]
[BlackElo "1415"]

1. e4 e5 2. d4 Bd6 3. d5 c6 4. c4 Nf6 5. Bd3 cxd5 6. cxd5 Qa5+ 7. Bd2 Bb4 8. Bc3
d6 9. a3 Bd7 10. Bxb4 Qb6 11. Nf3 a5 12. Bc3 Ng4 13. Qd2 Ba4 14. O-O Nd7 15. Qg5
Ndf6 16. h3 h5 17. hxg4 hxg4 18. Qxg7 Ke7 19. Ng5 Raf8 20. Ne6 Rfg8 21. g3 Rxg7
22. Nxg7 Qd8 23. Nf5+ Kd7 24. Nd2 Qg8 25. b3 Bc6 26. dxc6+ bxc6 27. Bxa5 Ke6 28.
Rac1 Qe8 29. Ng7+ 1-0

[Event "Dani"]
[Site "http://www.queenalice.com/game.php?id=111992"]
[Date "2006.10.1"]
[Round "-"]
[White "dany"]
[Black "Nietta"]
[Result "0-1"]
[WhiteElo "1126"]
[BlackElo "1474"]

1. e4 e5 2. Nf3 d6 3. Bc4 Be7 4. O-O Nf6 5. Nc3 O-O 6. Re1 a6 7. d3 b5 8. Bd5 c6
9. Bb3 a5 10. Bg5 Nbd7 11. Nh4 a4 12. Bxf7+ Rxf7 13. Rc1 Nd5 14. Bxe7 Nxe7 15.
f3 d5 16. a3 Nf6 17. Re2 d4 18. Nf5 Nxf5 19. Nb1 Nh5 20. exf5 Rxf5 21. g4 Rg5
22. Kh1 Bb7 23. Qd2 Nf4 24. Rf2 c5 25. Rg1 Nh3 26. Rfg2 Nxg1 27. Rxg1 Bxf3+ 28.
Rg2 Bxg2+ 29. Qxg2 Ra6 30. h3 Rf6 31. b4 Qf8 32. Nd2 Rf2 33. Qg3 Rxd2 34. h4
Qf1+ 35. Qg1 Qh3+ 36. Qh2 Rd1# 0-1

[Event "Challenge"]
[Site "http://www.queenalice.com/game.php?id=114603"]
[Date "2006.10.8"]
[Round "-"]
[White "gianmario"]
[Black "Nietta"]
[Result "1-0"]
[WhiteElo "1448"]
[BlackElo "1476"]

1. e4 e5 2. Nf3 d6 3. Nc3 Nf6 4. d4 exd4 5. Nxd4 Be7 6. Bd3 O-O 7. O-O Qd7 8.
Bg5 h6 9. Bxf6 Bxf6 10. Nb3 b6 11. Re1 a6 12. Qf3 Qc6 13. Nd5 Nd7 14. e5 Nxe5
15. Nxf6+ Kh8 16. Qxc6 Nxc6 17. Nh5 Be6 18. Be4 d5 19. Bf3 Nb4 20. Rec1 Rad8 21.
a3 Nc6 22. Rd1 Ne5 23. Be2 Bg4 24. Bxg4 Nxg4 25. h3 Ne5 26. Ng3 Nc4 27. Rd3 Nxb2
28. Rd2 Nc4 29. Rd3 c6 30. Re1 Nxa3 31. c3 Nb5 32. Nd4 Na7 33. Re7 Nc8 34. Rb7
b5 35. Nxc6 Rde8 36. Rxd5 Re1+ 37. Kh2 Rfe8 38. Rdd7 Rc1 39. Rxf7 Nd6 40. Rfe7
Rf8 41. Rbd7 Nf5 42. Nxf5 Rxc3 43. Ncd4 a5 44. Rxg7 Rb8 45. Rh7+ Kg8 46. Rdg7+
Kf8 47. Ne6+ Ke8 48. Re7# 1-0

[Event "uai sô"]
[Site "http://www.queenalice.com/game.php?id=126341"]
[Date "2006.11.7"]
[Round "-"]
[White "waleriot"]
[Black "Nietta"]
[Result "1-0"]
[WhiteElo "1612"]
[BlackElo "1466"]

1. d4 d5 2. Nf3 Nf6 3. Nc3 e6 4. e4 dxe4 5. Ne5 Bd6 6. Be3 O-O 7. f3 Bxe5 8.
dxe5 Nd5 9. Bc5 Re8 10. fxe4 Nxc3 11. bxc3 Qh4+ 12. g3 Qxe4+ 13. Kf2 Qxh1 14.
Bg2 Qxh2 15. Qg4 Nd7 16. Rh1 Nxe5 17. Qe2 Qxh1 18. Bxh1 c6 19. Qxe5 1-0